00634nam a2200181 i 450000100060000000300090000600500170001500700030003200800410003510000180007624501370009426000340023130000200026550000530028570000440033874000350038285200350041725744ES-MaACL20250819173450.0t|030102s1970 sp ||||1| spa d0 aAristóteles10aAristotelis Metaphysica b: = Metafísica de Aristóteles / cAristóteles ; edición trilingüe por Valentín García Yebra. a[Madrid] : bGredos, c[1970] a2 v. ; c25 cm. aEdición trilingüe griego-latín-castellano.1 aGarcía Yebra, Valentín, d1917-20100 aMetafísica de Aristóteles. aES-MaACLjC-37754-55 bR.75636